EC confirms £2.6bn regional aid (Record no. 66314)
[ view plain ]
| 000 -LEADER | |
|---|---|
| fixed length control field | 01132cam a2200253 4500 |
| 001 - CONTROL NUMBER | |
| control field | WB3710-35 |
| 008 - FIXED-LENGTH DATA ELEMENTS--GENERAL INFORMATION | |
| fixed length control field | 000000n2001 000 0 eng u |
| 035 ## - SYSTEM CONTROL NUMBER | |
| System control number | (Sirsi) u111289 |
| 245 ## - TITLE STATEMENT | |
| Title | EC confirms £2.6bn regional aid |
| 260 ## - PUBLICATION, DISTRIBUTION, ETC. | |
| Date of publication, distribution, etc. | 2001 |
| 490 ## - SERIES STATEMENT | |
| Series statement | Regeneration and Renewal |
| Volume/sequential designation | 2 March 2001, 3 |
| 490 ## - SERIES STATEMENT | |
| Series statement | Urban Environment Today |
| Volume/sequential designation | (116) 1 March 2001, 3(2) |
| 520 ## - SUMMARY, ETC. | |
| Summary, etc. | The EC has announced £2.6bn of funding for deprived areas in Britain over the next 5 years. Nine regional development plans drawn up by government have also been approved. Regeneration experts have voiced concerns that this will be the last time UK renewal schemes receive adequate funding from Europe, due to the forthcoming enlargement of the EU. Includes a table detailing funding awarded to each region, and an estimate of new jobs this will create. |
| 590 ## - LOCAL NOTE (RLIN) | |
| Local note | WB |
| 650 ## - SUBJECT ADDED ENTRY--TOPICAL TERM | |
| Topical term or geographic name entry element | EUROPE |
| 650 ## - SUBJECT ADDED ENTRY--TOPICAL TERM | |
| Topical term or geographic name entry element | OBJECTIVE 2 AREAS |
| 650 ## - SUBJECT ADDED ENTRY--TOPICAL TERM | |
| Topical term or geographic name entry element | DEPRIVED AREAS |
| 650 ## - SUBJECT ADDED ENTRY--TOPICAL TERM | |
| Topical term or geographic name entry element | UNEMPLOYMENT |
| 650 ## - SUBJECT ADDED ENTRY--TOPICAL TERM | |
| Topical term or geographic name entry element | FUNDING |
| 650 ## - SUBJECT ADDED ENTRY--TOPICAL TERM | |
| Topical term or geographic name entry element | PARTNERSHIP INVESTMENT PROGRAMME |
| 650 ## - SUBJECT ADDED ENTRY--TOPICAL TERM | |
| Topical term or geographic name entry element | REGIONAL DEVELOPMENT AGENCIES |
| 690 ## - LOCAL SUBJECT ADDED ENTRY--TOPICAL TERM (OCLC, RLIN) | |
| Topical term or geographic name as entry element | REGENERATION |
| 942 ## - ADDED ENTRY ELEMENTS (KOHA) | |
| Suppress in OPAC | 0 |
| Withdrawn status | Lost status | Source of classification or shelving scheme | Damaged status | Not for loan | Home library | Current library | Shelving location | Date acquired | Total Checkouts | Full call number | Barcode | Date last seen | Copy number | Price effective from | Koha item type |
|---|---|---|---|---|---|---|---|---|---|---|---|---|---|---|---|
| Dewey Decimal Classification | London | London | News article | 07/03/2001 | WB3710-35 | 111289-1001 | 06/08/2019 | 1 | 06/08/2019 | News article |